00681nam a2200229Ia 4500003000400000005001700004008004100021020001800062040000700080082001400087100001900101245005900120250000800179260003000187300002400217500001900241600001500260650001500275942001200290952013200302999001700434OSt20241023104611.0240925s9999 xx 000 0 und d a9789353062668 csd a658.4 FER aFernado, A. C. 0aCorporate Governance: principles polices and practices a3rd aChennai:bPearsonc,2019. a272p.bNAfOriginal aIncludes Index aManagement aManagement cBK2ddc 001040708MANaUITUbUITUd2018-12-17eRoyal Book Companyg1471.39l0o658.4 FERpQ12237r2024-09-25 07:16:22w2024-09-25yBK c14736d14736